Album de los constituyentes : (Record no. 182748)

MARC details
000 -CABECERA
campo de control de longitud fija 00740nam a2200217 a 4500
005 - FECHA Y HORA DE LA ÚLTIMA TRANSACCIÓN
campo de control 20251204064007.0
008 - ELEMENTOS DE LONGITUD FIJA--INFORMACIÓN GENERAL
campo de control de longitud fija 160525s2015 mx r 000 0 spa d
020 ## - NÚMERO INTERNACIONAL NORMALIZADO PARA LIBROS
Número Internacional Estándar del Libro 9786074954487
035 ## - NÚMERO DE CONTROL DEL SISTEMA
Número de control de sistema UPN01000210647
049 ## - COLECCIÓN
Colección CG
050 #4 - SIGNATURA TOPOGRÁFICA DE LA BIBLIOTECA DEL CONGRESO
Número de clasificación KGF7537.3
Número de documento/Ítem S2.2
100 1# - ASIENTO PRINCIPAL--NOMBRE PERSONAL
Nombre de persona Sánchez Arteche, Alfonso,
Fechas asociadas al nombre 1952-
9 (RLIN) 39272
245 10 - MENCIÓN DE TÍTULO
Título Album de los constituyentes :
Resto del título del Estado de México (1916-1917) /
Mención de responsabilidad, etc. Alfonso Sánchez Arteche, Cristian Reynoso Rodríguez.
260 ## - PUBLICACIÓN, DISTRIBUCIÓN, ETC.
Lugar de publicación, distribución, etc. México :
Nombre del editor, distribuidor, etc. FOEM :
-- INEHRM,
Fecha de publicación, distribución, etc. 2015.
300 ## - DESCRIPCIÓN FÍSICA
Extensión 76 p. :
Otras características físicas il.
651 #2 - ASIENTO SECUNDARIO DE MATERIA - NOMBRE GEOGRAFICO
Nombre geográfico Estado de México
Subdivisión general Historia constitucional
9 (RLIN) 25707
650 #4 - ASIENTO SECUNDARIO DE MATERIA - TERMINO TEMATICO
Término de materia o nombre geográfico como elemento de entrada Historia constitucional
9 (RLIN) 6652
700 1# - ASIENTO SECUNDARIO--NOMBRE DE PERSONAL
Nombre de persona Reynoso Rodríguez, Cristian,
Término indicativo de función/relación coaut.
905 ## - TIPO DE MATERIAL
Tipo de material Libro
Holdings
Estado de retiro Estado de pérdida Fuente del sistema de clasificación o colocación Estado dañado No para préstamo Código de colección Localización permanente Ubicación/localización actual Ubicación en estantería Total de préstamos Clasificación Código de barras Fecha visto por última vez Número de copia Tipo de ítem Koha
    Library of Congress Classification     Colección General Bib. Gregorio Torres Quintero Bib. Gregorio Torres Quintero Planta baja   KGF7537.3 S2.2 311324 31/12/2020 1 Libro